The Office - Who said it? - Statistics

General Stats
  • This quiz has been taken 107 times
  • The average score is 11 of 15
Answer Stats
Hint Answer % Correct
Identity theft is not a joke, Jim! Millions of families suffer every year. Dwight Schrute
100%
I talk a lot, so I've learned to just tune myself out... Kelly Kapoor
89%
Michael, you shouldn't be with someone who doesn't make you happy. Pam Beesly
88%
Boy, have you done lost your mind? Cause I’ll help you find it! Stanley Hudson
87%
Oh, you’re paying way too much for worms, man. Who’s your worm guy? Creed Bratton
85%
I tried to keep Michael in the dark. I should have known that he can do just as much damage in the dark. Jim Halpert
85%
I’m an early bird and I’m a night owl. So I’m wise, and I have worms. Michael Scott
83%
I'm not an alcoholic. Meredith Palmer
80%
What did I tell you about building forts in my warehouse? Darryl Philbin
79%
Close your mouth, sweetie. You look like a trout. Phyllis Vance
76%
Save Bandit! Angela Martin
71%
It's not funny! In fact, it's pretty freaking unfunny! Andy Bernard
67%
I miss the days when there was only one party I didn't want to go to. Ryan Howard
62%
You son of a bitch! You're firing me? Where the hell do you get off? Jan Levinson
59%
Forget everything you thought you knew about fingerprints. Toby Flenderson
35%
No matching quizzes found
Score Distribution
Percent of People with Each Score
Percentile by Number Answered
Your Score History
You have not taken this quiz